Získavanie zamestnancov v období internetovej éry bakalárska práca

Salvato in:
Dettagli Bibliografici
Autore principale: Melišková, Jana
Ente Autore: Fakulta podnikového manažmentu EU. Katedra manažmentu
Altri autori: Blštáková, Jana, 1980-
Natura: Libro
Lingua:slovacco
Pubblicazione: Bratislava 2016
Tags: Aggiungi Tag
Nessun Tag, puoi essere il primo ad aggiungerne!!

MARC

LEADER 00000nbm a2200000 4500
001 0232156
005 20171215130202.1
041 0 |a slo 
044 |a SK 
245 1 0 |a Získavanie zamestnancov v období internetovej éry  |b bakalárska práca  |c Jana Melišková ; školiteľ: Jana Blštáková 
264 1 |a Bratislava  |c 2016 
300 |a 55 s. 
100 1 |a Melišková, Jana 
700 1 |a Blštáková, Jana, 1980- 
710 2 |a Fakulta podnikového manažmentu EU. Katedra manažmentu